| 000 | 01390cam a2200289 i 4500 | ||
|---|---|---|---|
| 001 | 130330 | ||
| 003 | ES-MaACL | ||
| 005 | 20250729063220.0 | ||
| 008 | 211229s1978 sp f s000 0bspa | ||
| 080 | _a75 Pereda, Antonio (083.824) | ||
| 080 | _a75.034.7(460.27 M.)(083.824) | ||
| 245 | 0 | 0 |
_aD. Antonio de Pereda (1611-1678) y la pintura madrileña de su tiempo : _b[exposición] Salas de Exposiciones del Palacio de Bibliotecas y Museos, Madrid, diciembre 1978- enero-1979 / _c[preparación, estudio preliminar y catálogo, Alfonso E. Pérez Sánchez] |
| 260 |
_a[Madrid] : _bPatronato Nacional de Museos, _c[1978] |
||
| 300 |
_a[124] páginas, [78] páginas de láminas (negro y color) ; _c25 cm |
||
| 500 | _aÍndice de artistas | ||
| 504 | _aBibliografía | ||
| 600 | 1 | 4 |
_aPereda, Antonio de, _d1611-1678- _vExposiciones _9173957 |
| 650 | 4 |
_aPintura barroca- _zMadrid (Comunidad Autónoma) _9151263 |
|
| 655 | 7 |
_aCatálogos de exposiciones _2tgfbne _9193628 |
|
| 700 | 1 |
_aPereda, Antonio de, _d1611-1678 _eart _9173958 |
|
| 700 | 1 |
_aPérez Sánchez, Alfonso E., _d1935-2010 _epbl _991143 |
|
| 710 | 2 |
_aPatronato Nacional de Museos (España) _eedt _ehis _96192 |
|
| 852 | 4 |
_aES-MaACL _bR.152354 _cDEPO1 _dOlim: N-7825 _hDonación: Patronato Nacional de Museos _jA-14825 _9135086 |
|
| 942 |
_2udc _cMONOGRAFIA _n0 |
||
| 999 |
_c130330 _d130330 |
||